000 00523nam a2200181Ia 4500
005 20250423101750.0
008 250422s9999 xx 000 0 und d
020 _a0385476450
050 _aTT 505 .S24 R38/
100 _aRawsthorn, Alice
245 0 _aYves Saint Laurent : a biography
260 _aNew York
260 _bNan A. Talese
260 _c1996
300 _a405 p
650 _aSaint Laurent, Yves. Fashion designers --France --Biography. Fashion design --France --History --20th century.
942 _cBK
999 _c37216
_d37216